Original Theaters Quiz Stats

 Plays Quiz not verified by Sporcle

Challenge
Share
Tweet
Embed
Score 0/20 Timer 04:00
1 Play Today
Show Theater % Correct
RentNederlander Theater
88.4%
The Phantom of the OperaMajestic Theater
87.5%
Next to NormalBooth Theater
74.1%
The Lion KingNew Amsterdam Theater
72.3%
CatsWinter Garden Theater
72.3%
Billy ElliotImperial Theater
67%
HairsprayNeil Simon Theater
66.1%
[title of show]Lyceum Theater
53.6%
A Chorus LineShubert Theater
50%
Beauty and the BeastPalace Theater
41.1%
Show Theater % Correct
RagtimeFord Center for the Performing Arts
31.3%
Oklahoma!St. James Theater
24.1%
UrinetownHenry Miller's Theater
23.2%
Starlight ExpressGershwin Theater
21.4%
Guys and Dolls46th Street Theater
17.9%
HairBiltmore Theater
14.3%
Jesus Christ SuperstarMark Hellinger Theater
9.8%
CabaretBroadhurst Theater
8%
Side by Side by SondheimMorosco Theater
0.9%
A Connecticut YankeeVanderbilt Theater
0.9%

You're not logged in!

Compare scores with friends on all Sporcle quizzes.
OR
Log In

You Might Also Like...

Show Comments

Extras

Top Quizzes Today


Score Distribution

Your Account Isn't Verified!

In order to create a playlist on Sporcle, you need to verify the email address you used during registration. Go to your Sporcle Settings to finish the process.

Report this User

Report this user for behavior that violates our Community Guidelines.

Details: